000 00713nam a22002057a 4500
003 UA-OsUOA
001 12106
007 ta
008 20050429b un ||||| |||| 00| 0 ukr d
100 _aПоссе Абель
942 _cSA
040 _aUA-OsUOA
_brus
_cUA-OsUOA
_dUA-OsUOA
245 _aСтрасти по Эвите. (Окончание). перевод с испанского Н. Беленькой. Ольга Докучаева . Героиня в аргентинской истории
300 _aС.107-161
955 _a0
041 _arus
044 _aRU
773 0 _w0
_tИностранная литература
_dМ.
_d2005
_g№3
650 7 _aЛітературознавство
_2UDC
999 _c298267
_d298267